Groups of Five - Alphabetical Order - Statistics

General Stats
  • This quiz has been taken 141 times
  • The average score is 26 of 30
Answer Stats
Group Answer % Correct
Australia / Oceania Australia
98%
Africa Algeria
95%
South America Argentina
93%
Europe Albania
92%
Europe Andorra
92%
Europe Austria
92%
Asia Afghanistan
91%
Africa Angola
91%
North America Belize
91%
South America Bolivia
91%
South America Brazil
91%
North America Canada
91%
South America Chile
90%
Australia / Oceania Fiji
90%
North America Antigua and Barbuda
88%
Asia Azerbaijan
88%
Europe Azerbaijan
88%
North America Bahamas
88%
Asia Armenia
87%
Europe Armenia
87%
South America Colombia
87%
North America Barbados
85%
Africa Benin
84%
Africa Botswana
84%
Australia / Oceania Kiribati
81%
Australia / Oceania Marshall Islands
80%
Australia / Oceania Micronesia
80%
Asia Bahrain
78%
Asia Bangladesh
77%
Africa Burkina Faso
74%
No matching quizzes found
Score Distribution
Percent of People with Each Score
Percentile by Number Answered
Your Score History
You have not taken this quiz